[Event "Chess Attack-serien Eliteserien 2010-2011"]
[Site "Haraldsheim, Oslo"]
[Date "2010.11.06"]
[Round "2"]
[White "Hole, Øystein"]
[Black "Gabrielsen, Stig"]
[Result "1/2-1/2"]
[WhiteElo "2350"]
[BlackElo "2271"]
[PlyCount "76"]
[EventDate "2010.??.??"]

1. Nf3 g6 2. c4 Bg7 3. e4 d6 4. d4 Bg4 5. Be2 c6 6. Nc3 Nf6 7. h3 Bxf3 8. Bxf3
O-O 9. O-O Qc7 10. Be3 Nbd7 11. Be2 a6 12. Rc1 e5 13. f4 exf4 14. Bxf4 c5 15.
Kh1 Qb6 16. dxc5 Nxc5 17. Qxd6 Qxd6 18. Bxd6 Nfxe4 19. Nxe4 Nxe4 20. Bf4 Rad8
21. Rc2 f5 22. Bf3 g5 23. Bc7 Rd7 24. Bh2 g4 25. Bxe4 fxe4 26. Re1 gxh3 27.
gxh3 Re8 28. Bg1 Rd3 29. Kg2 Re6 30. Be3 Be5 31. b3 Bc3 32. Ree2 Rg6+ 33. Kf2
Bf6 34. Rcd2 Bh4+ 35. Kf1 Rf6+ 36. Kg2 Rg6+ 37. Kf1 Rf6+ 38. Kg2 Rg6+ 
1/2-1/2

[Event "Chess Attack-serien Eliteserien 2010-2011"]
[Site "Haraldsheim, Oslo"]
[Date "2010.11.06"]
[Round "2"]
[White "Borchgrevink, Harald B"]
[Black "Skrondal, Inge Sandstad"]
[Result "1/2-1/2"]
[WhiteElo "2235"]
[BlackElo "2252"]
[PlyCount "27"]
[EventDate "2010.??.??"]

1. d4 Nf6 2. Nf3 e6 3. c4 d5 4. Nc3 Be7 5. Bg5 h6 6. Bh4 O-O 7. e3 Ne4 8. Bxe7
Qxe7 9. Rc1 c6 10. Bd3 Nxc3 11. Rxc3 dxc4 12. Bxc4 Nd7 13. O-O e5 14. Nxe5
1/2-1/2

[Event "Chess Attack-serien Eliteserien 2010-2011"]
[Site "Haraldsheim, Oslo"]
[Date "2010.11.06"]
[Round "2"]
[White "Andersen, Alf Roger"]
[Black "Gabrielsen, Trond"]
[Result "0-1"]
[WhiteElo "2229"]
[BlackElo "2240"]
[PlyCount "78"]
[EventDate "2010.??.??"]

1. e4 c6 2. d4 d5 3. Nc3 dxe4 4. Nxe4 Bf5 5. Ng3 Bg6 6. h4 h6 7. Nf3 Nd7 8. h5
Bh7 9. Bd3 Bxd3 10. Qxd3 e6 11. Bd2 Ngf6 12. O-O-O Be7 13. Kb1 O-O 14. Ne4 c5
15. g4 Nxg4 16. Rdg1 f5 17. Qc4 Qb6 18. Bc3 Qc6 19. Nfd2 b5 20. Qe2 b4 21. d5
exd5 22. Bxg7 Kxg7 23. Ng3 Bg5 24. f4 Rae8 25. Nxf5+ Rxf5 26. Qxe8 Rxf4 27. Nf3
Nde5 28. Qxc6 Nxc6 29. Nxg5 hxg5 30. h6+ Kh7 31. Rh5 Nce5 32. Rxg5 Kxh6 33. Rg8
Ng6 34. Ra8 Rf7 35. c4 Kg5 36. cxd5 Rd7 37. Rc8 Rxd5 38. Rc6 N6e5 39. Rc1 Nxc6
0-1

[Event "Chess Attack-serien Eliteserien 2010-2011"]
[Site "Haraldsheim, Oslo"]
[Date "2010.11.06"]
[Round "2"]
[White "Johannessen, Leif E"]
[Black "Hammerstad, Åsmund"]
[Result "1-0"]
[WhiteElo "2497"]
[BlackElo "2178"]
[PlyCount "77"]
[EventDate "2010.??.??"]

1. e4 e6 2. d4 d5 3. e5 c5 4. c3 Nc6 5. Nf3 Nh6 6. a3 f6 7. Bd3 Nf7 8. Qe2 Qb6
9. O-O cxd4 10. cxd4 fxe5 11. dxe5 Be7 12. b4 a5 13. b5 Nb8 14. Bxh7 Nd7 15.
Bg6 Nf8 16. Bd3 a4 17. Bb2 Bd7 18. Rc1 Bc5 19. Qc2 Bxb5 20. Bxb5+ Qxb5 21. Nc3
Qb6 22. Nxa4 Bxf2+ 23. Kh1 Qa7 24. Nc3 Rc8 25. Qe2 Rc6 26. Nb5 Qb6 27. Bd4 Bxd4
28. Nfxd4 Rc5 29. Rxc5 Qxc5 30. Qe3 Rh5 31. Rc1 Rxe5 32. Qd2 Qb6 33. Qb4 Nd7
34. Nf3 Re4 35. Rc8+ Nd8 36. Nd6+ Ke7 37. Nf5+ Kf6 38. Qe7+ Kxf5 39. Qg5# 
1-0

[Event "Chess Attack-serien Eliteserien 2010-2011"]
[Site "Haraldsheim, Oslo"]
[Date "2010.11.06"]
[Round "2"]
[White "Aulin-Jansson, Jøran"]
[Black "Øgaard, Leif"]
[Result "1-0"]
[WhiteElo "2131"]
[BlackElo "2390"]
[PlyCount "85"]
[EventDate "2010.??.??"]

1. Nf3 d5 2. d4 c5 3. c3 Nc6 4. dxc5 e6 5. b4 a5 6. b5 Nb8 7. Ba3 Nf6 8. e3 Be7
9. Be2 O-O 10. O-O Ne4 11. c4 Nxc5 12. cxd5 exd5 13. Nc3 Be6 14. Qd4 Ne4 15.
Bxe7 Nxc3 16. Qxc3 Qxe7 17. Rac1 Nd7 18. Qc7 Qa3 19. Nd4 Nf6 20. Nxe6 fxe6 21.
Qxb7 Qxa2 22. Rfe1 Qd2 23. Qc6 Rae8 24. Bf3 Ne4 25. Re2 Qd3 26. Rec2 Ng5 27.
Be2 Qg6 28. Kf1 Qh6 29. h3 Ne4 30. Bf3 Ng5 31. Bg4 Qh4 32. Kg1 h5 33. Bd1 Ne4
34. Bf3 Ng5 35. Bxd5 exd5 36. Qxd5+ Kh8 37. b6 Ne4 38. f3 Rxf3 39. gxf3 Qg3+
40. Rg2 Qxf3 41. Re1 Rf8 42. b7 a4 43. Qe5 
1-0

[Event "Chess Attack-serien Eliteserien 2010-2011"]
[Site "Haraldsheim, Oslo"]
[Date "2010.11.06"]
[Round "2"]
[White "Trygstad, Kristian D."]
[Black "Tari, Aryan"]
[Result "1-0"]
[WhiteElo "2329"]
[BlackElo "2125"]
[PlyCount "97"]
[EventDate "2010.??.??"]

1. e4 c5 2. Nc3 Nc6 3. f4 g6 4. Nf3 Bg7 5. Bb5 a6 6. Bxc6 dxc6 7. d3 Nf6 8. O-O
O-O 9. Qe1 b5 10. Be3 Qa5 11. Nd5 Qd8 12. Nxf6+ Bxf6 13. e5 Bg7 14. Bxc5 Re8
15. Qe4 Bf5 16. Qe3 Qd7 17. Nd4 Bf8 18. h3 h5 19. b4 a5 20. a3 axb4 21. axb4
Red8 22. Rae1 e6 23. Bxf8 Qxd4 24. Qxd4 Rxd4 25. Bc5 Rdd8 26. Ra1 Ra4 27. Rxa4
bxa4 28. Ra1 Ra8 29. Ra3 Kg7 30. Be7 Ra7 31. Bf6+ Kf8 32. Kf2 Ke8 33. Kf3 g5
34. Bxg5 Kd7 35. Bh4 c5 36. b5 Kc7 37. c4 Ra8 38. Bf2 Kb6 39. g4 hxg4+ 40. hxg4
Bg6 41. d4 Ka5 42. dxc5 Kb4 43. b6 Kxa3 44. b7 Rb8 45. c6 Kb2 46. Ba7 a3 47.
Bxb8 a2 48. Ba7 Kc3 49. Ke3 
1-0

[Event "Chess Attack-serien Eliteserien 2010-2011"]
[Site "Haraldsheim, Oslo"]
[Date "2010.11.06"]
[Round "2"]
[White "Gunnesdal, Lars"]
[Black "Moen, Andreas G.R."]
[Result "0-1"]
[WhiteElo "2020"]
[BlackElo "2327"]
[PlyCount "52"]
[EventDate "2010.??.??"]

1. e4 e5 2. Nf3 Nc6 3. d4 exd4 4. Bc4 Bc5 5. O-O Nf6 6. e5 d5 7. Bb5 Ng8 8.
Nxd4 Nge7 9. Bxc6+ Nxc6 10. Nxc6 bxc6 11. Nd2 O-O 12. Nb3 Bb6 13. Kh1 Ba6 14.
Qg4 f5 15. exf6 Qxf6 16. Re1 Bxf2 17. Qe6+ Qxe6 18. Rxe6 Rae8 19. Rxe8 Rxe8 20.
Bd2 c5 21. Bf4 Re2 22. Rd1 c4 23. Nc1 Rxc2 24. Rxd5 Bb6 25. h4 Bb7 26. Rg5 Bd4
0-1

[Event "Chess Attack-serien Eliteserien 2010-2011"]
[Site "Haraldsheim, Oslo"]
[Date "2010.11.06"]
[Round "2"]
[White "Larsen, Martin Halsvik"]
[Black "Hagen, Anders G"]
[Result "1/2-1/2"]
[WhiteElo "1815"]
[BlackElo "2063"]
[PlyCount "71"]
[EventDate "2010.??.??"]

1. e4 c5 2. Nf3 Nc6 3. d4 cxd4 4. Nxd4 Nf6 5. Nc3 d6 6. Nxc6 bxc6 7. Be2 e6 8.
O-O Be7 9. Bf4 e5 10. Bg3 O-O 11. h3 Be6 12. Qd3 Qb6 13. Kh2 Rad8 14. b3 Nd7
15. Na4 Qb7 16. f4 exf4 17. Bxf4 Ne5 18. Qe3 Bf6 19. Rad1 Qe7 20. Kh1 Rfe8 21.
c4 c5 22. Qg3 Bc8 23. Nc3 Bb7 24. Nd5 Bxd5 25. Rxd5 Bh4 26. Qh2 Bg5 27. g3 Bxf4
28. gxf4 Nc6 29. Bf3 Nd4 30. Bg2 f6 31. e5 dxe5 32. fxe5 fxe5 33. Rxd8 Qxd8 34.
Bd5+ Kh8 35. Qg3 Rf8 36. Qxe5 
1/2-1/2

[Event "Chess Attack-serien Eliteserien 2010-2011"]
[Site "Haraldsheim, Oslo"]
[Date "2010.11.06"]
[Round "2"]
[White "Christenson, Flemming"]
[Black "Byklum, Bjørnar"]
[Result "1-0"]
[WhiteElo "2269"]
[BlackElo "2280"]
[PlyCount "78"]
[EventDate "2010.??.??"]

1. Nf3 g6 2. d4 Nf6 3. Bg5 Bg7 4. Nbd2 O-O 5. e4 d6 6. c3 c5 7. dxc5 dxc5 8.
Bc4 Nc6 9. Qe2 Qc7 10. O-O Na5 11. Bd3 h6 12. Bh4 Nh5 13. Qe3 e5 14. b4 cxb4
15. cxb4 Nc6 16. Rac1 g5 17. b5 gxh4 18. bxc6 Qe7 19. g3 hxg3 20. hxg3 Rd8 21.
Be2 Nf6 22. Nh4 Ng4 23. Bxg4 Bxg4 24. Nf5 Bxf5 25. exf5 bxc6 26. Ne4 Rac8 27.
Kg2 c5 28. Rh1 Rc6 29. Rh4 c4 30. f6 Bxf6 31. Qxh6 Bxh4 32. Qxc6 Bg5 33. Rxc4
Kg7 34. Ra4 Rh8 35. Ra5 Bf6 36. Rb5 Rh6 37. Rb7 Qf8 38. Qd5 Kg8 39. Rxa7 Bg7
1-0

[Event "Chess Attack-serien Eliteserien 2010-2011"]
[Site "Haraldsheim, Oslo"]
[Date "2010.11.06"]
[Round "2"]
[White "Astrup, Kim Chr."]
[Black "Thanke, Bror"]
[Result "1-0"]
[WhiteElo "2236"]
[BlackElo "2076"]
[PlyCount "109"]
[EventDate "2010.??.??"]

1. c4 e5 2. g3 Nc6 3. Nc3 g6 4. Bg2 Bg7 5. e4 d6 6. Nge2 Nge7 7. d3 Be6 8. Nd5
O-O 9. O-O f5 10. Be3 h6 11. Qd2 Kh7 12. Rac1 Qd7 13. Nxe7 Qxe7 14. exf5 Bxf5
15. d4 Qf7 16. d5 Ne7 17. c5 dxc5 18. Bxc5 Rfd8 19. Bxe7 Qxe7 20. Qa5 Rd7 21.
Nc3 Bd3 22. Rfe1 a6 23. Be4 Bxe4 24. Nxe4 b6 25. Qc3 Rad8 26. Red1 Qf7 27. Qb3
Qf5 28. f3 Rf7 29. Kg2 Bf8 30. Rd3 g5 31. g4 Qf4 32. Rc4 b5 33. Rc6 Bd6 34.
Rxa6 h5 35. h3 hxg4 36. hxg4 Kh8 37. Rd1 Rh7 38. Rh1 Rxh1 39. Kxh1 Kg7 40. Kg2
Rh8 41. Qxb5 Qh2+ 42. Kf1 Qh1+ 43. Ke2 Qg2+ 44. Nf2 Rf8 45. Qd3 Rf4 46. Qe3 Kf7
47. Rc6 Rd4 48. Qxg5 Rf4 49. Rc3 e4 50. Qh5+ Kg7 51. g5 exf3+ 52. Rxf3 Re4+ 53.
Kd3 Qf1+ 54. Kxe4 Qe2+ 55. Kf5 
1-0

[Event "Chess Attack-serien Eliteserien 2010-2011"]
[Site "Haraldsheim, Oslo"]
[Date "2010.11.06"]
[Round "2"]
[White "Andreassen, Pål"]
[Black "Gyldenås, Ole Jørn"]
[Result "1/2-1/2"]
[WhiteElo "2016"]
[BlackElo "1922"]
[PlyCount "135"]
[EventDate "2010.??.??"]

1. e4 c5 2. c4 Nc6 3. Ne2 g6 4. d4 cxd4 5. Nxd4 Nf6 6. Nc3 d6 7. Be2 Bg7 8. Be3
O-O 9. O-O Bd7 10. Rc1 Nxd4 11. Bxd4 Qa5 12. f3 Rfc8 13. Qd2 Be6 14. b3 Rc6 15.
Qb2 Qh5 16. Nd5 Bxd5 17. exd5 Rc7 18. Bd3 Qh6 19. Rce1 Nh5 20. Bxg7 Qxg7 21.
Qxg7+ Kxg7 22. f4 Nf6 23. Re3 h6 24. h3 h5 25. Rfe1 Re8 26. g3 Kf8 27. Kf2 Rb8
28. a4 a5 29. Kf3 Re8 30. g4 hxg4+ 31. hxg4 Nd7 32. g5 Nc5 33. Bc2 Kg7 34. Kg4
b6 35. f5 gxf5+ 36. Bxf5 Rb7 37. R1e2 Rc7 38. Kf4 Rb7 39. Re1 Rc7 40. g6 fxg6
41. Rg1 Rg8 42. Rxg6+ Kf7 43. Rh6 Rg1 44. Reh3 Rf1+ 45. Kg5 Rg1+ 46. Kh5 Kg7
47. Bc2 Nd7 48. Rg6+ Rxg6 49. Bxg6 Nf6+ 50. Kg5 Rc8 51. Re3 Ng8 52. Bf5 Rf8 53.
Rh3 Nf6 54. Rh6 Kf7 55. Be6+ Ke8 56. Bf5 Kd8 57. Rh2 Kc7 58. Kg6 Nd7 59. Be6
Nc5 60. Bf7 Nxb3 61. Re2 Rd8 62. Rxe7+ Rd7 63. Kf6 Nc5 64. Re3 Kb7 65. Be8 Rc7
66. Bc6+ Kb8 67. Re8+ Rc8 68. Re7 
1/2-1/2

[Event "Chess Attack-serien Eliteserien 2010-2011"]
[Site "Haraldsheim, Oslo"]
[Date "2010.11.06"]
[Round "2"]
[White "Lie, Kjetil A."]
[Black "Urkedal, Frode Olav Olsen"]
[Result "1-0"]
[WhiteElo "2515"]
[BlackElo "2442"]
[PlyCount "167"]
[EventDate "2010.??.??"]

1. e4 c5 2. Nf3 d6 3. Bc4 e6 4. O-O a6 5. Bb3 Nf6 6. d3 Be7 7. Re1 O-O 8. c3 b5
9. Nbd2 Bb7 10. Bc2 Nbd7 11. Nf1 Re8 12. Ng3 Bf8 13. d4 e5 14. a4 exd4 15. cxd4
cxd4 16. Nxd4 d5 17. axb5 axb5 18. Rxa8 Bxa8 19. Nxb5 Nxe4 20. Nxe4 dxe4 21.
Bf4 Nc5 22. Nc7 Qxd1 23. Rxd1 Rc8 24. Nxa8 Rxa8 25. g3 h6 26. b4 Ne6 27. b5
Nxf4 28. gxf4 Rb8 29. Rd5 g6 30. f5 Kg7 31. fxg6 fxg6 32. Bxe4 Kf6 33. h4 Be7
34. h5 g5 35. Bf5 Rb6 36. Bd7 Rd6 37. Rf5+ Kg7 38. Bc6 Bd8 39. Kg2 Bb6 40. Re5
Rd2 41. Re7+ Kf6 42. Rh7 Bxf2 43. Kf3 Kf5 44. Bd7+ Ke5 45. Bg4 Bc5 46. Rxh6
Rd3+ 47. Ke2 Re3+ 48. Kd2 Kf4 49. Be2 g4 50. Rf6+ Kg5 51. Rc6 Re5 52. h6 Bb4+
53. Kd3 Rxb5 54. h7 Rb8 55. Rc4 Rd8+ 56. Kc2 Be7 57. Rxg4+ Kh6 58. Bd3 Bg5 59.
Be4 Rd2+ 60. Kc3 Rd8 61. Kc4 Kh5 62. Rg2 Kh6 63. Bf5 Rh8 64. Kd5 Bf6 65. Rg6+
Kxh7 66. Rxf6+ Kg7 67. Rg6+ Kf7 68. Ra6 Rd8+ 69. Ke5 Re8+ 70. Be6+ Kg6 71. Ra1
Rb8 72. Rg1+ Kh5 73. Kf4 Rb4+ 74. Kf5 Kh4 75. Bd5 Rb5 76. Kf4 Rb4+ 77. Be4 Rb3
78. Rg4+ Kh5 79. Rg7 Rb6 80. Re7 Ra6 81. Rb7 Rd6 82. Bf5 Rd4+ 83. Ke5 Rd1 84.
Rg7 
1-0

[Event "Chess Attack-serien Eliteserien 2010-2011"]
[Site "Haraldsheim, Oslo"]
[Date "2010.11.06"]
[Round "2"]
[White "Hansen, Torbjørn R."]
[Black "Lie, Espen"]
[Result "1/2-1/2"]
[WhiteElo "2426"]
[BlackElo "2441"]
[PlyCount "105"]
[EventDate "2010.??.??"]

1. e4 e5 2. Nf3 d6 3. d4 Nf6 4. Nc3 Nbd7 5. g4 Nxg4 6. Rg1 Ngf6 7. Be3 c6 8.
Qd2 Qa5 9. O-O-O b5 10. dxe5 dxe5 11. Kb1 b4 12. Na4 Nxe4 13. Qd3 Nd6 14. Qb3
h6 15. Rxd6 Bxd6 16. Bc4 Rf8 17. Rxg7 Kd8 18. Bxf7 Kc7 19. Nd2 Rxf7 20. Rxf7
Qd5 21. Qxd5 cxd5 22. Bxh6 Bb7 23. h4 Rh8 24. Bg5 Bc6 25. b3 e4 26. c4 bxc3 27.
Nxc3 Be5 28. Ne2 a5 29. Ng3 a4 30. Bf4 Kd6 31. h5 Ke6 32. Bxe5 Nxe5 33. Ra7 Nd3
34. bxa4 Nxf2 35. Nb3 Ke5 36. Rf7 Nd3 37. Rf5+ Kd6 38. Rf6+ Kc7 39. a5 Ba4 40.
h6 e3 41. Ne2 Ne5 42. Nbd4 Ng4 43. Rg6 Bd7 44. Nc3 e2 45. Ncxe2 Rxh6 46. Rg5
Ne3 47. Nc3 Rh1+ 48. Kb2 Nc4+ 49. Kc2 Rh2+ 50. Kc1 Rh1+ 51. Kc2 Rh2+ 52. Kc1
Rh1+ 53. Kc2 
1/2-1/2

[Event "Chess Attack-serien Eliteserien 2010-2011"]
[Site "Haraldsheim, Oslo"]
[Date "2010.11.06"]
[Round "2"]
[White "Guttulsrud, Odd Martin"]
[Black "Lahlum, Hans O."]
[Result "1/2-1/2"]
[WhiteElo "2115"]
[BlackElo "2211"]
[PlyCount "50"]
[EventDate "2010.??.??"]

1. e4 e6 2. d4 d5 3. Nd2 c5 4. Ngf3 cxd4 5. exd5 Qxd5 6. Bc4 Qd6 7. Qe2 Nf6 8.
Nb3 Nc6 9. Bg5 Qb4+ 10. Bd2 Qb6 11. O-O-O Bd7 12. Bg5 Bc5 13. Ne5 Nxe5 14. Qxe5
Be7 15. Rxd4 Bc6 16. Be3 Rc8 17. f3 Qc7 18. Qxc7 Rxc7 19. Bf4 Rc8 20. Na5 Bd5
21. Bb5+ Kf8 22. Be2 Bc5 23. Rdd1 Bb4 24. Nb3 Ke7 25. Kb1 Rhd8 
1/2-1/2

[Event "Chess Attack-serien Eliteserien 2010-2011"]
[Site "Haraldsheim, Oslo"]
[Date "2010.11.06"]
[Round "2"]
[White "Tallaksen, Levi André"]
[Black "Gvein, Kenneth"]
[Result "1/2-1/2"]
[WhiteElo "2151"]
[BlackElo "2126"]
[PlyCount "41"]
[EventDate "2010.??.??"]

1. d4 d5 2. Nf3 Nf6 3. e3 e6 4. c4 Be7 5. Bd3 O-O 6. O-O b6 7. cxd5 exd5 8. Nc3
c5 9. b3 Nc6 10. dxc5 Bxc5 11. Na4 Bd6 12. Bb2 Bg4 13. Be2 Rc8 14. Nd4 Bxe2 15.
Nxe2 Be5 16. Bxe5 Nxe5 17. Rc1 Qd6 18. h3 b5 19. Nac3 a6 20. Qd2 Rfd8 21. Rfd1
1/2-1/2

[Event "Chess Attack-serien Eliteserien 2010-2011"]
[Site "Haraldsheim, Oslo"]
[Date "2010.11.06"]
[Round "2"]
[White "Kjølberg, Jens Hjorth"]
[Black "Hobber, Anders"]
[Result "1/2-1/2"]
[WhiteElo "1845"]
[BlackElo "2093"]
[PlyCount "57"]
[EventDate "2010.??.??"]

1. e4 c5 2. Nf3 Nc6 3. d4 cxd4 4. Nxd4 g6 5. c4 Bg7 6. Nc2 d6 7. Be2 Nf6 8. Nc3
O-O 9. O-O Nd7 10. Bd2 Nc5 11. b4 Ne6 12. Rc1 Ned4 13. Nxd4 Nxd4 14. Be3 Nxe2+
15. Qxe2 b6 16. Rfd1 Ba6 17. b5 Bb7 18. Bf4 Bxc3 19. Rxc3 Qc8 20. e5 Qe6 21.
Re3 d5 22. cxd5 Bxd5 23. Rc1 Rfc8 24. Rec3 Rxc3 25. Rxc3 Bxg2 26. h3 Bd5 27.
Rc7 Qf5 28. Bg3 e6 29. Qb2 
1/2-1/2

[Event "Chess Attack-serien Eliteserien 2010-2011"]
[Site "Haraldsheim, Oslo"]
[Date "2010.11.07"]
[Round "3"]
[White "Moen, Andreas G.R."]
[Black "Gudbrandsen, Gustav"]
[Result "1/2-1/2"]
[WhiteElo "2327"]
[BlackElo "2179"]
[PlyCount "72"]
[EventDate "2010.??.??"]

1. e4 e6 2. d4 d5 3. Nd2 c5 4. exd5 exd5 5. Bb5+ Nc6 6. Qe2+ Be7 7. dxc5 Nf6 8.
Nb3 O-O 9. Bg5 Ne4 10. Bxe7 Qxe7 11. Nf3 Bg4 12. h3 Bh5 13. O-O-O Nb4 14. Qe1
Nxa2+ 15. Kb1 Nec3+ 16. bxc3 Qxe1 17. Rhxe1 Nxc3+ 18. Kb2 Nxb5 19. Rxd5 Bxf3
20. gxf3 Nc7 21. Rd7 Ne6 22. Rxb7 a5 23. c6 a4 24. Nc1 Ra6 25. Nd3 Rxc6 26. Ra1
Rfc8 27. Nb4 Rc3 28. Ra3 Rxa3 29. Kxa3 g5 30. Kb2 Nd4 31. Ra7 Rc4 32. Rxa4 Kg7
33. c3 Ne2 34. Ra5 Rxc3 35. Rxg5+ Kf6 36. Rh5 Rxf3 
1/2-1/2

[Event "Chess Attack-serien Eliteserien 2010-2011"]
[Site "Haraldsheim, Oslo"]
[Date "2010.11.07"]
[Round "3"]
[White "Djurhuus, Rune"]
[Black "Hammer, Jon Ludvig"]
[Result "1-0"]
[WhiteElo "2433"]
[BlackElo "2641"]
[PlyCount "81"]
[EventDate "2010.??.??"]

1. d4 Nf6 2. Nf3 e6 3. Bf4 d5 4. e3 Bd6 5. Bg3 O-O 6. Nbd2 c5 7. c3 Nc6 8. Bd3
Qe7 9. Ne5 g6 10. f4 Nh5 11. Qg4 Bd7 12. Bh4 Qe8 13. O-O f5 14. Qe2 c4 15. Bc2
b5 16. g4 Ng7 17. Bg5 b4 18. Rf3 Rb8 19. Rb1 bxc3 20. bxc3 Rxb1+ 21. Bxb1 Nxe5
22. fxe5 Be7 23. Bxe7 Qxe7 24. gxf5 exf5 25. Qe1 Qa3 26. Nf1 Qb2 27. Rf2 Qa1
28. Ng3 Rb8 29. Rf1 Qb2 30. Ne2 g5 31. Kh1 Rb6 32. Rg1 a5 33. Ng3 a4 34. Qf1 f4
35. exf4 Bg4 36. fxg5 Qxb1 37. Qf4 Bd1 38. Rf1 Ne6 39. Qf7+ Kh8 40. Qe8+ Kg7
41. Rf7+ 
1-0

[Event "Chess Attack-serien Eliteserien 2010-2011"]
[Site "Haraldsheim, Oslo"]
[Date "2010.11.07"]
[Round "3"]
[White "Berg, Emanuel"]
[Black "Hole, Øystein"]
[Result "1-0"]
[WhiteElo "2576"]
[BlackElo "2350"]
[PlyCount "189"]
[EventDate "2010.??.??"]

1. e4 c6 2. d4 d5 3. Nc3 dxe4 4. Nxe4 Bf5 5. Ng3 Bg6 6. h4 h6 7. Nf3 Nd7 8. h5
Bh7 9. Bd3 Bxd3 10. Qxd3 e6 11. Bd2 Ngf6 12. O-O-O Qc7 13. Kb1 O-O-O 14. c4 Bd6
15. Ne4 Nxe4 16. Qxe4 Nf6 17. Qe2 c5 18. Bc3 cxd4 19. Nxd4 a6 20. g3 Bc5 21.
Ka1 Rd7 22. Nb3 Rhd8 23. Rc1 Qc6 24. Rh4 Ne8 25. Rg4 f6 26. Nxc5 Qxc5 27. Qxe6
Nc7 28. Qe1 Qxh5 29. Rh4 Qf3 30. Rf4 Qh5 31. Rh4 Qf3 32. Rf4 Qh5 33. g4 Qh2 34.
Re4 Qg2 35. b3 Qf3 36. Qe2 Qxe2 37. Rxe2 Rd1 38. Kb2 Rxc1 39. Kxc1 Rd6 40. f4
Ne6 41. f5 Nf4 42. Re8+ Rd8 43. Rxd8+ Kxd8 44. Kd2 Ke7 45. Ke3 Nh3 46. a4 Ng5
47. Kd4 Kd7 48. b4 Nf3+ 49. Ke3 Ng5 50. b5 Nf7 51. Ke4 Ng5+ 52. Kd5 Nf3 53. Ke4
Ng5+ 54. Kf4 Nf7 55. c5 axb5 56. axb5 Ng5 57. Bd4 Nf7 58. Kf3 Ng5+ 59. Ke2 Nf7
60. Kd3 Kc7 61. Ke4 Kc8 62. Kd5 Kd7 63. Bc3 Ng5 64. Bd2 Nf3 65. Bf4 Ne1 66. Bd6
Nd3 67. c6+ bxc6+ 68. bxc6+ Kc8 69. Ke4 Nf2+ 70. Kf3 Nd3 71. Ke3 Nb2 72. Kd4
Nd1 73. Ke4 Nf2+ 74. Kf3 Nd3 75. Ke3 Nb2 76. Bf8 Nc4+ 77. Kf4 Ne5 78. Bxg7 Nxc6
79. Bxf6 Kd7 80. Bg7 Ke7 81. Bxh6 Kf7 82. Ke4 Ne7 83. Be3 Ng8 84. Bg5 Kg7 85.
Kd5 Kf7 86. Ke5 Kf8 87. Ke6 Kg7 88. f6+ Nxf6 89. Bxf6+ Kg6 90. Bh4 Kg7 91. Kf5
Kf7 92. g5 Kg7 93. g6 Kh6 94. Bf6 Kh5 95. g7 
1-0

[Event "Chess Attack-serien Eliteserien 2010-2011"]
[Site "Haraldsheim, Oslo"]
[Date "2010.11.07"]
[Round "3"]
[White "Øgaard, Leif"]
[Black "Andersen, Alf Roger"]
[Result "1/2-1/2"]
[WhiteElo "2390"]
[BlackElo "2229"]
[PlyCount "89"]
[EventDate "2010.??.??"]

1. Nf3 d6 2. d4 f5 3. g3 Nf6 4. Bg2 g6 5. O-O Bg7 6. c3 e6 7. Nbd2 Nc6 8. Re1
Ne4 9. Nxe4 fxe4 10. Ng5 d5 11. f3 h6 12. Nh3 exf3 13. exf3 Qf6 14. Nf4 O-O 15.
Bh3 e5 16. Bxc8 Raxc8 17. dxe5 Nxe5 18. Rxe5 Qxe5 19. Nxg6 Qe6 20. Nxf8 Rxf8
21. Bf4 Qb6+ 22. Kh1 Qxb2 23. Qxd5+ Kh8 24. Rd1 Qxc3 25. Qxb7 Re8 26. Qb3 Re1+
27. Rxe1 Qxe1+ 28. Kg2 Qe2+ 29. Kh3 c5 30. Qe3 Qxa2 31. Qxc5 a5 32. Bd6 Qe6+
33. g4 a4 34. f4 Bf6 35. f5 Qb3+ 36. Kg2 Qb7+ 37. Kg3 Qb3+ 38. Kf4 Bg5+ 39. Ke4
Qb1+ 40. Kd5 Qb7+ 41. Ke5 Kg7 42. Kd4 Bf6+ 43. Ke3 Bg5+ 44. Kd4 Bf6+ 45. Ke3
1/2-1/2

[Event "Chess Attack-serien Eliteserien 2010-2011"]
[Site "Haraldsheim, Oslo"]
[Date "2010.11.07"]
[Round "3"]
[White "Thorstensen, Trond"]
[Black "Trygstad, Kristian D."]
[Result "1/2-1/2"]
[WhiteElo "2200"]
[BlackElo "2329"]
[PlyCount "77"]
[EventDate "2010.??.??"]

1. d4 f5 2. g3 e6 3. Bg2 Nf6 4. c4 Be7 5. Nc3 O-O 6. Bg5 d6 7. Nh3 c6 8. b4 h6
9. Bxf6 Bxf6 10. e3 c5 11. Rb1 Nc6 12. b5 Na5 13. Qd3 cxd4 14. exd4 Qc7 15. Rc1
Qxc4 16. Qxc4 Nxc4 17. Nd5 Na3 18. Nc7 Rb8 19. Nf4 Bxd4 20. O-O Kf7 21. Rfe1
Bb2 22. Rcd1 Be5 23. Nfxe6 Bxe6 24. Nxe6 Kxe6 25. f4 Rfd8 26. Rd5 Nc4 27. fxe5
dxe5 28. Rc5 Rd4 29. Bf1 Nd2 30. Rcxe5+ Kf6 31. Re6+ Kf7 32. Re7+ Kf8 33. Bg2
Ne4 34. Rc7 Re8 35. Rxb7 Re7 36. Rxe7 Kxe7 37. g4 g6 38. gxf5 gxf5 39. Bxe4
1/2-1/2

[Event "Chess Attack-serien Eliteserien 2010-2011"]
[Site "Haraldsheim, Oslo"]
[Date "2010.11.07"]
[Round "3"]
[White "Miezis, Normunds"]
[Black "Tisdall, Jonathan"]
[Result "1/2-1/2"]
[WhiteElo "2498"]
[BlackElo "2399"]
[PlyCount "77"]
[EventDate "2010.??.??"]

1. c4 e6 2. e4 d5 3. exd5 exd5 4. d4 Nf6 5. Nc3 Be7 6. Nf3 O-O 7. Be2 dxc4 8.
Bxc4 Bg4 9. Be3 Nbd7 10. h3 Bh5 11. O-O c5 12. Re1 Nb6 13. Bb3 c4 14. Bc2 Nfd5
15. Bc1 f5 16. Re5 Bf6 17. Rxf5 Bg6 18. Rxd5 Nxd5 19. Bxg6 hxg6 20. Qe2 Nxc3
21. Qe6+ Kh7 22. bxc3 Qa5 23. Bd2 Qb5 24. a4 Qc6 25. Qg4 b6 26. h4 Rae8 27. h5
Qe4 28. Qh3 Kg8 29. a5 gxh5 30. Qxh5 Rd8 31. axb6 axb6 32. Qb5 Qd3 33. Qxb6 Rb8
34. Qe6+ Kh8 35. Re1 Rb1 36. Qh3+ Kg8 37. Qe6+ Kh8 38. Qh3+ Kg8 39. Qe6+
1/2-1/2

[Event "Chess Attack-serien Eliteserien 2010-2011"]
[Site "Haraldsheim, Oslo"]
[Date "2010.11.07"]
[Round "3"]
[White "Diesen, Bruce"]
[Black "Solberg, Joachim"]
[Result "1/2-1/2"]
[WhiteElo "2125"]
[BlackElo "2157"]
[PlyCount "136"]
[EventDate "2010.??.??"]

1. e4 c5 2. Nf3 e6 3. d4 cxd4 4. Nxd4 Bc5 5. Be3 Qb6 6. b4 Qxb4+ 7. c3 Qb2 8.
Nd2 a6 9. Rb1 Qa3 10. Be2 Ne7 11. Qc2 d5 12. O-O O-O 13. N2b3 Ba7 14. c4 e5 15.
Nf5 Bxe3 16. Nxe3 dxe4 17. c5 Be6 18. Bc4 Nd7 19. Bxe6 fxe6 20. Qc4 Nd5 21.
Nxd5 exd5 22. Qxd5+ Rf7 23. Qxb7 Raf8 24. c6 Nc5 25. Qb6 Nd3 26. c7 Qxa2 27.
Qe6 Qc2 28. Nd2 Qxc7 29. Nxe4 Qe7 30. Qxa6 Nc5 31. Qc4 Nxe4 32. Qxe4 Qf6 33.
Rb5 Re7 34. g3 Qf5 35. Qd5+ Qf7 36. Qe4 h6 37. Rxe5 Rxe5 38. Qxe5 Re8 39. Qc5
Qe7 40. Qc6 Qe6 41. Qc1 Kh7 42. h4 Qe2 43. Rd1 Kh8 44. Qb1 Rf8 45. Rf1 Kg8 46.
Qb6 Qf3 47. Rc1 Qf6 48. Qe3 Qf3 49. Qxf3 Rxf3 50. Rc7 Rf5 51. Kg2 h5 52. f4 Kh7
53. Re7 Ra5 54. Kf3 Kh6 55. Re6+ g6 56. Re5 Ra3+ 57. Re3 Ra5 58. Rd3 Kg7 59.
Ke4 Kf6 60. Rd6+ Kf7 61. Rd5 Ra3 62. Rd3 Ra5 63. Rb3 Kf6 64. Rc3 Ra6 65. Kf3
Ra5 66. g4 hxg4+ 67. Kxg4 Rb5 68. Re3 Rb1 
1/2-1/2

[Event "Chess Attack-serien Eliteserien 2010-2011"]
[Site "Haraldsheim, Oslo"]
[Date "2010.11.07"]
[Round "3"]
[White "Hagen, Anders G"]
[Black "Tari, Aryan"]
[Result "1/2-1/2"]
[WhiteElo "2063"]
[BlackElo "2125"]
[PlyCount "23"]
[EventDate "2010.??.??"]

1. d4 Nf6 2. c4 e6 3. Nf3 b6 4. g3 Bb7 5. Bg2 c5 6. O-O cxd4 7. Qxd4 Bc5 8. Qd3
O-O 9. Nc3 Nc6 10. Bg5 d5 11. cxd5 Nb4 12. Qd2 
1/2-1/2

[Event "Chess Attack-serien Eliteserien 2010-2011"]
[Site "Haraldsheim, Oslo"]
[Date "2010.11.07"]
[Round "3"]
[White "Hagesæther, Arne"]
[Black "Hauge, Tor Arne"]
[Result "1-0"]
[WhiteElo "2087"]
[BlackElo "1982"]
[PlyCount "142"]
[EventDate "2010.??.??"]

1. e4 c6 2. d4 d5 3. Nc3 dxe4 4. Nxe4 Nf6 5. Nxf6+ exf6 6. c3 Bd6 7. Bd3 Qc7 8.
h3 Be6 9. Ne2 f5 10. Qc2 g6 11. c4 Na6 12. a3 c5 13. d5 Bd7 14. Bd2 O-O-O 15.
g3 Rde8 16. O-O-O Be5 17. Rde1 Qd6 18. Bc3 f6 19. f4 Bxc3 20. Nxc3 Nc7 21. Qf2
b6 22. h4 Rxe1+ 23. Rxe1 Re8 24. Rxe8+ Nxe8 25. Qe2 Ng7 26. Qe3 Nh5 27. Be2 Ng7
28. Bd1 Kd8 29. Be2 Qe7 30. Qd3 Ne8 31. Kd2 Nd6 32. Bf3 a6 33. a4 Qe8 34. b3
Kc7 35. Bg2 h6 36. Qe3 g5 37. Kd3 gxh4 38. gxh4 Qg6 39. Qf2 Qg4 40. a5 Nb7 41.
b4 Kd6 42. axb6 cxb4 43. c5+ Nxc5+ 44. Kc4 Nb7 45. Qb2 Ke7 46. Qxb4+ Kf7 47.
Qb2 Qxf4+ 48. Kb3 Qxh4 49. Ka2 Qc4+ 50. Kb1 Qc5 51. Bf3 Bb5 52. Bh5+ Kf8 53.
Qd2 Qg1+ 54. Kb2 Qg5 55. Qd1 Qg2+ 56. Ka3 Qf2 57. Qc1 Qc5+ 58. Kb2 Kg7 59. Qe1
Qb4+ 60. Kc1 Qa3+ 61. Kd2 Qb2+ 62. Ke3 f4+ 63. Kf3 Be2+ 64. Nxe2 Qxb6 65. Nxf4
Qb3+ 66. Kg4 Qa3 67. Qe8 f5+ 68. Kh4 Qb4 69. Qf7+ Kh8 70. Qf6+ Kh7 71. Bg6+ Kg8
1-0